Learning for a change! : (Record no. 1956)

000 -LEADER
fixed length control field nam a22 a 4500
003 - CONTROL NUMBER IDENTIFIER
control field AKMAL
005 - DATE AND TIME OF LATEST TRANSACTION
control field 20170512153731.0
008 - FIXED-LENGTH DATA ELEMENTS--GENERAL INFORMATION
fixed length control field 170512s2002 my 00 eng d
020 ## - INTERNATIONAL STANDARD BOOK NUMBER
International Standard Book Number 967993389X (pbk.):
Terms of availability RM21.00
040 ## - CATALOGING SOURCE
Original cataloging agency AKMAL
Transcribing agency AKMAL
082 04 - DEWEY DECIMAL CLASSIFICATION NUMBER
Classification number 352.367 STA
Edition number 21
090 00 - LOCALLY ASSIGNED LC-TYPE CALL NUMBER (OCLC); LOCAL CALL NUMBER (RLIN)
Classification number (OCLC) (R) ; Classification number, CALL (RLIN) (NR) 352.367
Local cutter number (OCLC) ; Book number/undivided call number, CALL (RLIN) STA
100 1# - MAIN ENTRY--PERSONAL NAME
Personal name Sta Maria, Rebecca Fatima
9 (RLIN) 4054
245 10 - TITLE STATEMENT
Title Learning for a change! :
Remainder of title a guide to developing learning cultures in the Malaysian public sector /
Statement of responsibility, etc. Rebecca Fatima Sta. Maria
260 ## - PUBLICATION, DISTRIBUTION, ETC.
Place of publication, distribution, etc. Kuala Lumpur :
Name of publisher, distributor, etc. Institut Tadbiran Awam Negara,
Date of publication, distribution, etc. 2002
300 00 - PHYSICAL DESCRIPTION
Extent xii, 114p. :
Other physical details ill. ;
Dimensions 21cm
440 #0 - SERIES STATEMENT/ADDED ENTRY--TITLE
Title Siri pengurusan INTAN
9 (RLIN) 890
500 ## - GENERAL NOTE
General note Koleksi Peribadi YABhg. Tun Ahmad Sarji (2100612)
504 ## - BIBLIOGRAPHY, ETC. NOTE
Bibliography, etc. note Bibliografi: ms. 111-114
650 #0 - SUBJECT ADDED ENTRY--TOPICAL TERM
Topical term or geographic name entry element Organizational learning
Geographic subdivision Malaysia
9 (RLIN) 4055
650 #0 - SUBJECT ADDED ENTRY--TOPICAL TERM
Topical term or geographic name entry element Organizational change
Geographic subdivision Malaysia
9 (RLIN) 4056
650 #0 - SUBJECT ADDED ENTRY--TOPICAL TERM
Topical term or geographic name entry element Public administration
Geographic subdivision Malaysia
9 (RLIN) 419
942 ## - ADDED ENTRY ELEMENTS (KOHA)
Source of classification or shelving scheme
Koha item type Book
Holdings
Withdrawn status Lost status Source of classification or shelving scheme Damaged status Not for loan Collection code Home library Current library Shelving location Date acquired Inventory number Total Checkouts Full call number Barcode Date last seen Price effective from Koha item type
          NON-FICTION AKMAL Melaka AKMAL Melaka PINJAMAN 12.05.2017 305936   352.367 STA 201706197 12.05.2017 12.05.2017 Book
          NON-FICTION AKMAL Melaka AKMAL Melaka PINJAMAN 12.05.2017 305937   352.367 STA 201706195 12.05.2017 12.05.2017 Book
Pusat Sumber Maklumat Dato' Haji Sarmin Md Hussin, Akademi Kastam Diraja Malaysia, Melaka
Tel: 06-2331106 | Faks: 06-2313787